[Event "Høstturneringa (Alta)"]
[Site "Park Hotell"]
[Date "2010.10.20"]
[Round "7"]
[White "Hestvik, Johan"]
[Black "Wiggen, Oscar"]
[Result "1-0"]
[WhiteElo "761"]
[BlackElo "1001"]
[PlyCount "51"]
[EventDate "2010.??.??"]

1. e4 e5 2. Nf3 Nc6 3. Bc4 Bc5 4. d3 h6 5. Nc3 Nf6 6. O-O d6 7. h3 O-O 8. Re1
a6 9. Be3 Bb4 10. d4 Nxd4 11. Bxd4 exd4 12. Qxd4 Bc5 13. Qd3 Re8 14. e5 d5 15.
exf6 Rxe1+ 16. Rxe1 gxf6 17. Bxd5 c6 18. Bxf7+ Kxf7 19. Qxd8 b6 20. Nd5 Bb7 21.
Re7+ Kg6 22. Nf4+ Kf5 23. Qd7+ Kxf4 24. g3+ Kxf3 25. Qd3+ Be3 26. Qxe3# 
1-0

[Event "Høstturneringa (Alta)"]
[Site "Park Hotell"]
[Date "2010.10.20"]
[Round "7"]
[White "Johansen, Svein"]
[Black "Arild, Steinar"]
[Result "1-0"]
[WhiteElo "1128"]
[BlackElo "1154"]
[PlyCount "83"]
[EventDate "2010.??.??"]

1. d4 d5 2. b3 e6 3. Nf3 Nf6 4. e3 a6 5. Bd3 c5 6. O-O Nc6 7. Bb2 b5 8. dxc5
Bxc5 9. Nbd2 O-O 10. Ng5 h6 11. Bxf6 Qxf6 12. Nh7 Qe5 13. Nf3 Qd6 14. Nxf8 Kxf8
15. Nh4 e5 16. e4 d4 17. Qf3 Nb4 18. Nf5 Bxf5 19. exf5 Re8 20. Be4 Rd8 21. a3
Nxc2 22. Bxc2 d3 23. Rfd1 d2 24. b4 Bb6 25. Qe2 Qd4 26. Ra2 Qc4 27. Qxc4 bxc4
28. Kf1 c3 29. f3 f6 30. Ke2 Ke7 31. a4 Rc8 32. Ra3 Bd4 33. b5 a5 34. Rb1 Rc4
35. b6 Rc8 36. Rab3 Kd6 37. Rb5 Kc6 38. Be4+ Kd6 39. Rxa5 c2 40. Bxc2 Rxc2 41.
b7 d1=Q+ 42. Kxd1 
1-0

[Event "Høstturneringa (Alta)"]
[Site "Park Hotell"]
[Date "2010.10.20"]
[Round "7"]
[White "Luostarinen, Asmo"]
[Black "Pylvinen, Aki"]
[Result "1-0"]
[WhiteElo "1123"]
[BlackElo "867"]
[PlyCount "113"]
[EventDate "2010.??.??"]

1. d4 d5 2. Nf3 h6 3. c4 dxc4 4. Nc3 e6 5. e3 Bb4 6. Bxc4 Nf6 7. Qc2 b6 8. O-O
Bb7 9. Qe2 Nbd7 10. Rd1 Bxc3 11. bxc3 Ne4 12. Bb2 Ng5 13. d5 Qf6 14. Nxg5 hxg5
15. dxe6 fxe6 16. Qg4 Nf8 17. Rd4 Rh4 18. Qe2 Rxd4 19. exd4 O-O-O 20. Re1 Re8
21. d5 Ng6 22. dxe6 Nf4 23. Qg4 Kb8 24. f3 Bc8 25. a4 Qg6 26. Bc1 Nxe6 27. Bxe6
Rxe6 28. Rxe6 Bxe6 29. Qxg5 Qc2 30. Qe3 Qd1+ 31. Kf2 Qc2+ 32. Kg3 Bc4 33. Bd2
Qxa4 34. Qd4 Qc6 35. Qxg7 Qd6+ 36. Bf4 Qc6 37. Qd4 Bf1 38. h3 Qg6+ 39. Kh4 Bxg2
40. Qd8+ Kb7 41. Qxc7+ Ka6 42. Qc4+ Kb7 43. Qc7+ Ka6 44. Qc8+ Ka5 45. Qg4 Qh7+
46. Kg3 Bf1 47. Be5 Qe7 48. Qg7 Qxg7+ 49. Bxg7 Kb5 50. h4 a5 51. h5 Kc4 52. f4
a4 53. Bf8 Kxc3 54. h6 Bd3 55. Kg4 b5 56. f5 b4 57. h7 
1-0

[Event "Høstturneringa (Alta)"]
[Site "Park Hotell"]
[Date "2010.10.20"]
[Round "7"]
[White "Rist, Karl-Johan"]
[Black "Mikalsen, Harald"]
[Result "0-1"]
[WhiteElo "1326"]
[BlackElo "1700"]
[PlyCount "80"]
[EventDate "2010.??.??"]

1. d4 d5 2. Nf3 Nf6 3. c4 e6 4. Nc3 c6 5. Bg5 Be7 6. Qc2 Nbd7 7. e3 b6 8. cxd5
exd5 9. Bd3 Bb7 10. O-O h6 11. Bh4 O-O 12. Rfe1 Rc8 13. Rac1 Re8 14. a4 Nf8 15.
Ne5 Nh5 16. Bxe7 Qxe7 17. Qe2 Nf6 18. Qf1 N6d7 19. f4 f6 20. Ng6 Nxg6 21. Bxg6
Red8 22. Qf3 Nf8 23. Bf5 Rc7 24. Ne2 Qb4 25. e4 g6 26. Qg3 Rg7 27. Bg4 dxe4 28.
Qh4 Rd6 29. f5 g5 30. Qg3 Rd8 31. b3 Ba6 32. Rxc6 Bxe2 33. Bxe2 Qxd4+ 34. Kf1
Rgd7 35. Qg4 Kg7 36. Rd1 Qe5 37. Rxd7+ Rxd7 38. h4 e3 39. Rc1 Rd4 40. Qh3 Rxh4
0-1

[Event "Høstturneringa (Alta)"]
[Site "Park Hotell"]
[Date "2010.10.20"]
[Round "7"]
[White "Estremskikh, Galina"]
[Black "Bjerring, Dennis A. J."]
[Result "1/2-1/2"]
[WhiteElo "1344"]
[BlackElo "1173"]
[PlyCount "120"]
[EventDate "2010.??.??"]

1. e4 e5 2. f4 d6 3. Nf3 Nc6 4. Bc4 Be7 5. O-O Nf6 6. Nc3 O-O 7. d3 Bg4 8. Qe1
Bxf3 9. Rxf3 Nd4 10. Rf2 exf4 11. Bxf4 Nh5 12. Qe3 Nxf4 13. Qxf4 Ne6 14. Qg4
Bf6 15. Raf1 Bd4 16. Nd5 c6 17. Nf4 Nxf4 18. Qxf4 Qe7 19. g3 Qe5 20. c3 Qxf4
21. gxf4 Bxf2+ 22. Rxf2 g6 23. Rg2 a5 24. a4 Rfe8 25. f5 Kg7 26. Kf2 Kf6 27.
fxg6 fxg6 28. Kf3 c5 29. Bd5 Rab8 30. Ke3 Rf8 31. d4 cxd4+ 32. Kxd4 b5 33. axb5
Rxb5 34. Rf2+ Ke7 35. Rxf8 Kxf8 36. b3 Ke7 37. h4 h6 38. Ke3 Kf6 39. Kf4 g5+
40. Kg4 gxh4 41. Kxh4 Rxd5 42. exd5 Ke5 43. c4 Kd4 44. Kh5 a4 45. bxa4 Kxc4 46.
Kxh6 Kb4 47. Kg6 Kxa4 48. Kf5 Kb4 49. Kf4 Kc3 50. Ke3 Kc4 51. Kf4 Kxd5 52. Ke3
Ke5 53. Kd3 d5 54. Ke3 d4+ 55. Kf3 Kd5 56. Ke2 Kc4 57. Kd1 d3 58. Kd2 Kd4 59.
Kd1 Ke4 60. Kd2 Kd4 
1/2-1/2

[Event "Høstturneringa (Alta)"]
[Site "Park Hotell"]
[Date "2010.10.27"]
[Round "8"]
[White "Mikalsen, Harald"]
[Black "Mikalsen, Odd Erling"]
[Result "1-0"]
[WhiteElo "1700"]
[BlackElo "1759"]
[PlyCount "61"]
[EventDate "2010.??.??"]

1. e4 e5 2. Nf3 Nc6 3. Bc4 Be7 4. O-O Nf6 5. Re1 Nxe4 6. Rxe4 d5 7. Nxe5 Nxe5
8. Rxe5 dxc4 9. Qe2 Be6 10. Nc3 O-O 11. Rxe6 fxe6 12. Qxe6+ Kh8 13. Qxc4 Bd6
14. d3 Qe8 15. Bd2 Qh5 16. g3 Rxf2 17. Kxf2 Qxh2+ 18. Ke3 Qxg3+ 19. Ke2 Qg2+
20. Kd1 Qf1+ 21. Be1 Re8 22. Ne4 Bf4 23. c3 h6 24. Kc2 Qe2+ 25. Kb3 b5 26. Qf7
Rd8 27. Qxf4 Qxd3 28. Qxc7 a5 29. Bf2 Qd5+ 30. Ka3 Re8 31. Bd4 
1-0

[Event "Høstturneringa (Alta)"]
[Site "Park Hotell"]
[Date "2010.10.27"]
[Round "8"]
[White "Lund, Nikolai N"]
[Black "Wiggen, Oscar"]
[Result "0-1"]
[WhiteElo "749"]
[BlackElo "1001"]
[PlyCount "42"]
[EventDate "2010.??.??"]

1. e4 e5 2. Nf3 Nc6 3. Bb5 d6 4. h3 a6 5. Bxc6+ bxc6 6. Nc3 Nf6 7. O-O c5 8.
Nd5 Nxe4 9. d3 Nf6 10. c4 Bb7 11. Bg5 Be7 12. Qa4+ c6 13. Bxf6 Bxf6 14. Ne3 O-O
15. Qb3 Rb8 16. Qa3 Qe7 17. b4 e4 18. dxe4 Bxa1 19. Rxa1 cxb4 20. Qxb4 c5 21.
Qb2 Bxe4 
0-1

[Event "Høstturneringa (Alta)"]
[Site "Park Hotell"]
[Date "2010.10.27"]
[Round "8"]
[White "Pylvinen, Aki"]
[Black "Zvanut, Allan"]
[Result "0-1"]
[WhiteElo "867"]
[BlackElo "1029"]
[PlyCount "48"]
[EventDate "2010.??.??"]

1. b3 e5 2. Bb2 Nc6 3. e3 d6 4. Nc3 a6 5. h4 h6 6. g4 Nf6 7. Bh3 Be6 8. d3 Qd7
9. f3 Be7 10. Ne4 Nxe4 11. dxe4 Bxh4+ 12. Kf1 Bg5 13. Qd2 O-O-O 14. Ne2 d5 15.
Ng3 d4 16. f4 exf4 17. Nf5 fxe3 18. Qe1 Bxf5 19. gxf5 f6 20. Rd1 Qd6 21. a3
Qf4+ 22. Ke2 Qxe4 23. Rd3 Ne5 24. Rd1 Qf3# 
0-1

[Event "Høstturneringa (Alta)"]
[Site "Park Hotell"]
[Date "2010.10.27"]
[Round "8"]
[White "Brasøy, Aksel"]
[Black "Luostarinen, Asmo"]
[Result "1-0"]
[WhiteElo "1917"]
[BlackElo "1123"]
[PlyCount "61"]
[EventDate "2010.??.??"]

1. e4 e5 2. Nf3 Nf6 3. Nxe5 d6 4. Nf3 Nxe4 5. Bd3 d5 6. c3 Be7 7. Bxe4 dxe4 8.
Qa4+ Bd7 9. Qxe4 Bc6 10. Qg4 Bf6 11. O-O O-O 12. d4 Re8 13. Be3 Nd7 14. Nbd2
Nf8 15. Rfe1 Ng6 16. Bg5 Bxg5 17. Nxg5 a5 18. h4 h6 19. Ngf3 Qd6 20. g3 Bd7 21.
Qh5 a4 22. Nc4 Qf6 23. Nce5 Be6 24. Re3 a3 25. b3 b6 26. c4 Rad8 27. Rae1 Rf8
28. d5 Bc8 29. Nc6 Rd6 30. Nfd4 Bb7 31. Rf3 
1-0

[Event "Høstturneringa (Alta)"]
[Site "Park Hotell"]
[Date "2010.10.27"]
[Round "8"]
[White "Bjerring, Dennis A. J."]
[Black "Johansen, Svein"]
[Result "1/2-1/2"]
[WhiteElo "1173"]
[BlackElo "1128"]
[PlyCount "57"]
[EventDate "2010.??.??"]

1. d4 d5 2. c4 Nf6 3. e3 b6 4. Nc3 Ba6 5. b3 e6 6. Nf3 Bb4 7. Bd2 O-O 8. Bd3
Nbd7 9. a3 Bd6 10. O-O c5 11. Qe2 Re8 12. cxd5 cxd4 13. Bxa6 dxc3 14. Bxc3 Nxd5
15. Rfc1 Nc5 16. Bc4 a6 17. b4 Ne4 18. Bxd5 Nxc3 19. Rxc3 exd5 20. Rd1 Qf6 21.
Rcd3 a5 22. Rxd5 Rad8 23. Qd3 Be7 24. bxa5 Rxd5 25. Qxd5 Rd8 26. Qb3 Rxd1+ 27.
Qxd1 bxa5 28. g3 h6 29. a4 
1/2-1/2

[Event "Høstturneringa (Alta)"]
[Site "Park Hotell"]
[Date "2010.10.27"]
[Round "8"]
[White "Estremskikh, Galina"]
[Black "Rist, Karl-Johan"]
[Result "1/2-1/2"]
[WhiteElo "1344"]
[BlackElo "1326"]
[PlyCount "48"]
[EventDate "2010.??.??"]

1. e4 e6 2. d4 d5 3. e5 c5 4. b3 Qb6 5. Be3 Nc6 6. Nf3 Bd7 7. Be2 Rc8 8. c3
cxd4 9. Bxd4 Bc5 10. Bxc5 Qxc5 11. O-O Nge7 12. Re1 Ng6 13. b4 Qb6 14. Bd3 Nce7
15. Qd2 O-O 16. a4 Rfd8 17. Nd4 Qc7 18. f4 Rf8 19. Qe3 f5 20. Ra3 a6 21. Be2
Qd8 22. Bh5 Qb6 23. a5 Qc7 24. Nd2 Qd8 
1/2-1/2

[Event "Høstturneringa (Alta)"]
[Site "Park Hotell"]
[Date "2010.10.27"]
[Round "8"]
[White "Pedersen, Birger"]
[Black "Hestvik, Johan"]
[Result "1-0"]
[WhiteElo "1130"]
[BlackElo "761"]
[PlyCount "109"]
[EventDate "2010.??.??"]

1. d4 d5 2. c4 c6 3. e3 Nf6 4. Nc3 Bf5 5. g3 Ne4 6. Nxe4 Bxe4 7. f3 Bg6 8. Qb3
b6 9. Bd2 e6 10. Rc1 Bd6 11. Bg2 O-O 12. f4 Nd7 13. Nf3 Nf6 14. O-O Rb8 15. Nh4
Be4 16. Qd1 Bxg2 17. Kxg2 c5 18. b3 b5 19. cxb5 Rxb5 20. a4 Rb8 21. dxc5 Be7
22. c6 Rc8 23. b4 Qb6 24. b5 a6 25. Qe2 axb5 26. axb5 Ne4 27. Nf3 Bd6 28. Ne5
Bxe5 29. fxe5 Nxd2 30. Qxd2 Qxb5 31. Qc3 Rc7 32. Rf2 f6 33. exf6 gxf6 34. Rxf6
Rxf6 35. Qxf6 Rxc6 36. Qd8+ Kg7 37. Qg5+ Kf7 38. Rf1+ Ke8 39. Qg8+ Kd7 40. Qg7+
Kd6 41. Qf8+ Kc7 42. Rf7+ Kb6 43. Qb8+ Kc5 44. Qa7+ Qb6 45. Rxh7 Qxa7 46. Rxa7
d4 47. Ra1 e5 48. Rc1+ Kd5 49. Rxc6 Kxc6 50. exd4 exd4 51. Kf2 Kd5 52. Kf3 Ke5
53. h4 Kf5 54. g4+ Ke5 55. h5 
1-0

[Event "Høstturneringa (Alta)"]
[Site "Park Hotell"]
[Date "2010.11.03"]
[Round "9"]
[White "Mikalsen, Odd Erling"]
[Black "Pedersen, Birger"]
[Result "1-0"]
[WhiteElo "1759"]
[BlackElo "1130"]
[PlyCount "35"]
[EventDate "2010.??.??"]

1. e4 c5 2. Nc3 Nc6 3. f4 d6 4. Nf3 Bg4 5. Bb5 a6 6. Bxc6+ bxc6 7. d3 Qb6 8.
O-O h5 9. Na4 Qa7 10. Be3 h4 11. h3 Bh5 12. b4 e6 13. e5 dxe5 14. fxe5 Qc7 15.
bxc5 Bxf3 16. Qxf3 Ne7 17. Nb6 Rd8 18. Qxf7# 
1-0

[Event "Høstturneringa (Alta)"]
[Site "Park Hotell"]
[Date "2010.11.03"]
[Round "9"]
[White "Arild, Steinar"]
[Black "Hestvik, Johan"]
[Result "0-1"]
[WhiteElo "1154"]
[BlackElo "761"]
[PlyCount "80"]
[EventDate "2010.??.??"]

1. e4 c5 2. Bc4 d6 3. Nc3 g6 4. Qf3 e6 5. Bb5+ Bd7 6. Nge2 Bxb5 7. Nxb5 a6 8.
Nbc3 Bg7 9. d3 Nc6 10. a3 Nf6 11. Bg5 O-O 12. O-O d5 13. exd5 exd5 14. Nf4 Nd4
15. Qd1 Re8 16. Nfxd5 Re5 17. Bxf6 Bxf6 18. Nxf6+ Qxf6 19. Ne4 Qe7 20. c3 Nf5
21. Re1 Rd8 22. f3 c4 23. d4 Rb5 24. Rc1 Nd6 25. Nxd6 Qxd6 26. Qe2 Rh5 27. g3
Rf5 28. Kg2 Qc6 29. Qe4 Qa4 30. Re2 Qd7 31. Qe7 Qc8 32. Rce1 Kg7 33. Re5 Rf6
34. Rc5 Qa8 35. Rxc4 b5 36. Rc7 Qxf3+ 37. Kh3 g5 38. Re6 Qf5+ 39. Kg2 Rxe6 40.
g4 Qe4+ 
0-1

[Event "Høstturneringa (Alta)"]
[Site "Park Hotell"]
[Date "2010.11.03"]
[Round "9"]
[White "Bakke, Jan Gunnar"]
[Black "Rist, Karl-Johan"]
[Result "0-1"]
[WhiteElo "1254"]
[BlackElo "1326"]
[PlyCount "56"]
[EventDate "2010.??.??"]

1. Nf3 d5 2. c4 Nf6 3. e3 Bf5 4. Nc3 e5 5. Qa4+ Bd7 6. Qb3 e4 7. Ne5 Nc6 8.
Nxd7 Qxd7 9. cxd5 Nb4 10. a3 Nbxd5 11. Qxb7 Rc8 12. Ba6 Nb6 13. Nxe4 Be7 14.
Nxf6+ gxf6 15. Qe4 Rd8 16. b3 Nd5 17. Bb2 f5 18. Qd3 Rg8 19. O-O Qe6 20. Qc2
Qxa6 21. Qxf5 Qh6 22. f4 Bf6 23. Bxf6 Nxf6 24. Qe5+ Kf8 25. Qc5+ Rd6 26. Rad1
Qh3 27. Kf2 Rxg2+ 28. Ke1 Qh4+ 
0-1

[Event "Høstturneringa (Alta)"]
[Site "Park Hotell"]
[Date "2010.11.03"]
[Round "9"]
[White "Brasøy, Aksel"]
[Black "Estremskikh, Galina"]
[Result "1-0"]
[WhiteElo "1917"]
[BlackElo "1344"]
[PlyCount "116"]
[EventDate "2010.??.??"]

1. e4 c5 2. Nf3 Nc6 3. Bb5 a6 4. Bxc6 bxc6 5. O-O d5 6. e5 e6 7. d3 Ne7 8. Nc3
Ng6 9. b3 Be7 10. Ba3 O-O 11. Na4 Qa5 12. c4 Bd7 13. Qe1 Qxe1 14. Rfxe1 Rfd8
15. Bxc5 Be8 16. Rad1 Rab8 17. g3 h5 18. h4 Rd7 19. Bxe7 Nxe7 20. Nc5 Ra7 21.
Nd4 a5 22. f4 g6 23. Na4 Rc7 24. c5 Rb4 25. Nc2 Rb5 26. Kf2 Nf5 27. Rb1 Kf8 28.
Rb2 Nh6 29. d4 Rbb7 30. Nb6 Nf5 31. b4 axb4 32. Rxb4 Ra7 33. a4 Ra5 34. Na1
Rca7 35. Nb3 R5a6 36. Ra1 Bd7 37. a5 Ke7 38. Nxd7 Kxd7 39. Rb6 Kc7 40. Ra4 Ne7
41. Rab4 Nc8 42. Rb8 Kd8 43. R4b7 Rxb7 44. Rxb7 Ke8 45. Kf3 Ra8 46. g4 Kf8 47.
gxh5 gxh5 48. a6 Kg7 49. Rc7 Na7 50. f5 exf5 51. e6 Kf8 52. Rxf7+ Ke8 53. Rh7
Nc8 54. Kf4 Rxa6 55. Rh8+ Ke7 56. Rxc8 Kxe6 57. Rb8 Ra2 58. Rb6 Rf2+ 
1-0

[Event "Høstturneringa (Alta)"]
[Site "Park Hotell"]
[Date "2010.11.03"]
[Round "9"]
[White "Johansen, Svein"]
[Black "Zvanut, Allan"]
[Result "1-0"]
[WhiteElo "1128"]
[BlackElo "1029"]
[PlyCount "89"]
[EventDate "2010.??.??"]

1. d4 d5 2. Nf3 e6 3. e3 Nc6 4. Bb5 Bd7 5. O-O Nf6 6. h3 a6 7. Bd3 Bd6 8. Nbd2
O-O 9. b3 e5 10. dxe5 Nxe5 11. Bb2 Nxd3 12. cxd3 Bb5 13. Qc2 Re8 14. Rfe1 Bd7
15. e4 dxe4 16. dxe4 Bb4 17. a3 Bxd2 18. Qxd2 Nxe4 19. Qd4 Nf6 20. g4 Bc6 21.
Nh4 Qxd4 22. Bxd4 Rad8 23. Nf5 Be4 24. Bxf6 gxf6 25. Ng3 Bf3 26. Nh5 Re6 27.
Rxe6 fxe6 28. Nxf6+ Kg7 29. Nh5+ Kf7 30. Rc1 Rd1+ 31. Rxd1 Bxd1 32. b4 b6 33.
Kf1 a5 34. bxa5 bxa5 35. f4 c5 36. Ke1 Bc2 37. Kd2 Bb3 38. g5 Kg6 39. Nf6 h6
40. h4 hxg5 41. hxg5 Ba4 42. Ne4 c4 43. Kc3 Bb5 44. Nc5 Kf5 45. a4 
1-0

[Event "Høstturneringa (Alta)"]
[Site "Park Hotell"]
[Date "2010.11.10"]
[Round "10"]
[White "Rist, Karl-Johan"]
[Black "Mikalsen, Odd Erling"]
[Result "0-1"]
[WhiteElo "1326"]
[BlackElo "1759"]
[PlyCount "66"]
[EventDate "2010.??.??"]

1. d4 d5 2. Nf3 c6 3. c4 dxc4 4. e4 b5 5. Nc3 e6 6. Be2 Nf6 7. Bg5 Be7 8. O-O
b4 9. Na4 Nxe4 10. Bxe7 Qxe7 11. Bxc4 O-O 12. Ne5 Rd8 13. Qd3 Nd6 14. Nc5 Nf5
15. Nf3 Nxd4 16. Ne4 c5 17. Rac1 Bb7 18. Rfe1 Nbc6 19. Qe3 Nxf3+ 20. gxf3 Nd4
21. Be2 Rd5 22. Ng3 Qf6 23. Kh1 Re5 24. Ne4 Qh4 25. Rxc5 Rxc5 26. Nxc5 Nc2 27.
Qd2 Qxf2 28. Rd1 Qxc5 29. Rc1 Rc8 30. Bd1 Qf5 31. Rxc2 Bxf3+ 32. Bxf3 Qxc2 33.
Qxb4 Qf2 
0-1

[Event "Høstturneringa (Alta)"]
[Site "Park Hotell"]
[Date "2010.11.10"]
[Round "10"]
[White "Johansen, Fredrik"]
[Black "Pylvinen, Aki"]
[Result "1-0"]
[WhiteElo "719"]
[BlackElo "867"]
[PlyCount "101"]
[EventDate "2010.??.??"]

1. e4 e5 2. Nf3 d6 3. d4 f6 4. Bc4 Be7 5. Bxg8 Rxg8 6. O-O Bg4 7. h3 Bh5 8. Be3
g5 9. dxe5 fxe5 10. c3 g4 11. Qa4+ Nc6 12. Nfd2 gxh3 13. Qb3 Kd7 14. g3 b6 15.
Na3 Bh4 16. Kh2 Qf8 17. gxh4 Qg7 18. Rg1 Bg4 19. f3 h5 20. fxg4 hxg4 21. Rg3
Raf8 22. Bg5 Rf2+ 23. Kg1 Rxd2 24. Bxd2 Qh7 25. Bg5 Re8 26. Rxg4 Qh5 27. Qd1
Rf8 28. Nc4 Rg8 29. Qf3 Ne7 30. Qxh3 Ng6 31. Rf4+ Kc6 32. Rf6 Nf4 33. Nxe5+ Kb7
34. Rxf4 Rxg5+ 35. Rg4 Rxe5 36. Rf1 Qh7 37. Rff4 d5 38. exd5 Qb1+ 39. Rf1 Qxb2
40. d6 cxd6 41. Qf3+ Ka6 42. Ra4+ Ra5 43. Rxa5+ Kxa5 44. Qd5+ Ka6 45. Rf4 Qc1+
46. Kg2 Qxf4 47. h5 Qg4+ 48. Kf2 Qh4+ 49. Ke2 Qg4+ 50. Qf3 Qc4+ 51. Qd3 
1-0

[Event "Høstturneringa (Alta)"]
[Site "Park Hotell"]
[Date "2010.11.10"]
[Round "10"]
[White "Mikalsen, Harald"]
[Black "Brasøy, Aksel"]
[Result "1/2-1/2"]
[WhiteElo "1700"]
[BlackElo "1917"]
[PlyCount "122"]
[EventDate "2010.??.??"]

1. e4 c5 2. Nf3 d6 3. d4 cxd4 4. Nxd4 Nf6 5. Nc3 a6 6. Be3 e5 7. Nb3 Be6 8. f3
Be7 9. Qd2 O-O 10. g4 Nbd7 11. h4 Nb6 12. O-O-O Rc8 13. Kb1 Kh8 14. h5 Qc7 15.
g5 Ng8 16. f4 exf4 17. Bxf4 Rfd8 18. h6 g6 19. Qd4+ f6 20. gxf6 Bxf6 21. Bxd6
Bxd4 22. Bxc7 Rxc7 23. Rxd4 Rxd4 24. Nxd4 Bf7 25. Nf3 Re7 26. Ng5 Nd7 27. Nxf7+
Rxf7 28. Bc4 Re7 29. Bxg8 Kxg8 30. Re1 Re5 31. Rd1 Re7 32. b4 Kf7 33. Rd6 Ne5
34. Nd5 Re6 35. Rd8 Ng4 36. Rh8 Rxe4 37. a3 Re1+ 38. Kb2 Rh1 39. Rxh7+ Ke6 40.
Nc7+ Kf6 41. Nd5+ Ke5 42. Nc3 Rxh6 43. Rxb7 g5 44. Rg7 Kf6 45. Rg8 Rg6 46.
Rxg6+ Kxg6 47. a4 Ne5 48. Ne2 Kf7 49. Kb3 Ke7 50. c4 Kd7 51. a5 g4 52. b5 axb5
53. cxb5 Kc7 54. Ka4 Nd7 55. Kb4 Kb7 56. Ng3 Nf6 57. Kc5 Nd7+ 58. Kd6 Nb8 59.
Ke5 Na6 60. Kf4 Nc7 61. b6 Nd5+ 
1/2-1/2

[Event "Høstturneringa (Alta)"]
[Site "Park Hotell"]
[Date "2010.11.10"]
[Round "10"]
[White "Hestvik, Johan"]
[Black "Luostarinen, Asmo"]
[Result "0-1"]
[WhiteElo "761"]
[BlackElo "1123"]
[PlyCount "82"]
[EventDate "2010.??.??"]

1. e4 c5 2. Nf3 d6 3. d4 cxd4 4. Nxd4 Nc6 5. Bb5 Bd7 6. Nc3 Nf6 7. Bg5 e6 8.
Nf3 a6 9. Bc4 b5 10. Bd3 Be7 11. O-O Rc8 12. Re1 h6 13. Bh4 O-O 14. e5 dxe5 15.
Nxe5 Nxe5 16. Rxe5 Bc6 17. Bxf6 Bxf6 18. Rh5 Bg5 19. Qe2 Qd4 20. Rd1 Qb4 21.
Rb1 Rfd8 22. a3 Qf4 23. g3 Qf3 24. Qxf3 Bxf3 25. Rh3 Bg4 26. Kg2 f5 27. f3
Bxh3+ 28. Kxh3 Bf6 29. Ne2 Kf7 30. g4 g6 31. b4 fxg4+ 32. fxg4 g5 33. Rf1 Ke7
34. Ng3 Bb2 35. Ne4 Bxa3 36. Nc5 Bxb4 37. Nxa6 Ba3 38. Ra1 b4 39. Re1 Rd6 40.
Bf5 Rc3+ 41. Kg2 Rxa6 
0-1

[Event "Høstturneringa (Alta)"]
[Site "Park Hotell"]
[Date "2010.11.10"]
[Round "10"]
[White "Pedersen, Birger"]
[Black "Estremskikh, Galina"]
[Result "1-0"]
[WhiteElo "1130"]
[BlackElo "1344"]
[PlyCount "83"]
[EventDate "2010.??.??"]

1. d4 d5 2. c4 Bf5 3. Nc3 e6 4. g3 Bb4 5. Bg2 c6 6. cxd5 exd5 7. Nf3 Ne7 8. O-O
O-O 9. Bd2 Bd6 10. Re1 Ng6 11. e4 dxe4 12. Nxe4 Bc7 13. Neg5 h6 14. Ne4 Nd7 15.
Bc3 Nb6 16. Nc5 Rb8 17. b3 Nd5 18. Bb2 Qc8 19. Ne5 Ba5 20. Rf1 b6 21. Ne4 Qe6
22. g4 Bxe4 23. Bxe4 Nh4 24. f4 f5 25. gxf5 Nxf5 26. Qg4 Nde3 27. Qg6 Rf6 28.
Qh5 Nxf1 29. Kxf1 Rbf8 30. Rc1 Nd6 31. Bxc6 Rxf4+ 32. Kg1 Rf2 33. Ng4 Rxb2 34.
Bd5 Qxd5 35. Qxd5+ Nf7 36. Ne5 Rxa2 37. Nxf7 Kh7 38. Rf1 Bb4 39. Qf5+ Kg8 40.
Qg6 Bd2 41. Qd6 Re8 42. Ne5 
1-0